书目信息 |
| 题名: |
新型家具制作与室内装修
|
|
| 作者: | 佳隆 编 | |
| 分册: | ||
| 出版信息: | 北京 金盾出版社 1990.02 |
|
| 页数: | 122页 | |
| 开本: | 26cm | |
| 丛书名: | ||
| 单 册: | ||
| 中图分类: | TS664.05 | |
| 科图分类: | ||
| 主题词: | 木制品 | |
| 电子资源: | ||
| ISBN: | 7-80022-223-3 | |
| 000 | 00584nam0 2200193 450 | |
| 001 | 0835699029 | |
| 005 | 20081021090834.54 | |
| 010 | @a7-80022-223-3@dCNY4.50 | |
| 100 | @a20080918d1990 km y0chiy0120 ea | |
| 101 | 0 | @achi |
| 102 | @aCN@b110000 | |
| 200 | 1 | @a新型家具制作与室内装修@Axin xing jia ju zhi zuo yu shi nei zhuang xiu@f佳隆等编@Fjia long deng bian |
| 210 | @a北京@c金盾出版社@d1990.02 | |
| 215 | @a122页@d26cm | |
| 606 | 0 | @a木制品 |
| 690 | @aTS664.05@v4 | |
| 701 | 0 | @a佳隆@Ajia long@4编 |
| 801 | 0 | @aCN@b大连网信软件有限公司图书馆·11@c20081021 |
| 905 | @aBZT@dTS664.05@e5 | |
| 新型家具制作与室内装修/佳隆等编.-北京:金盾出版社,1990.02 |
| 122页;26cm |
| ISBN 7-80022-223-3:CNY4.50 |
| ● |
| 相关链接 |
|
|
|
正题名:新型家具制作与室内装修
索取号:TS664.05/5
 
预约/预借
| 序号 | 登录号 | 条形码 | 馆藏地/架位号 | 状态 | 备注 |
| 1 | 000179 | 200934301 | 中心书库中库/ 中库025架A面7列5层20/ [索取号:TS664.05/5] | 在馆 | |
| 2 | 000180 | 201276895 | 中心书库中库/ 中库025架A面7列5层13/ [索取号:TS664.05/5] | 在馆 | |
| 3 | 000181 | 201276886 | 中心书库中库/ 中库025架A面7列5层42/ [索取号:TS664.05/5] | 在馆 | |
| 4 | 000182 | 200934310 | 中心书库中库/ 中库025架A面7列5层18/ [索取号:TS664.05/5] | 在馆 | |
| 5 | 006798 | 201228849 | 中心书库中库/ 中库025架A面7列5层19/ [索取号:TS664.05/5] | 在馆 |